Sarojini Naidu (Record no. 10445)

MARC details
000 -LEADER
fixed length control field 00655nam a2200241 a 4500
020 ## - INTERNATIONAL STANDARD BOOK NUMBER
ISBN
082 00 - DEWEY DECIMAL CLASSIFICATION NUMBER
Classification number 928
Author Cutter PAR
100 ## - MAIN ENTRY--AUTHOR NAME
Author name Paranjape, Makarand
245 ## - TITLE STATEMENT
Title Sarojini Naidu
Sub title Selected Poetry and Prose
260 ## - PUBLICATION, DISTRIBUTION, ETC. (IMPRINT)
Place of publication Noida
Name of publisher Haraper Collins Publishers
Year of publication 1993
300 ## - PHYSICAL DESCRIPTION
Number of Pages 232p
500 ## - GENERAL NOTE
General note includes index and biblioraphy
505 2# - FORMATTED CONTENTS NOTE
Formatted contents note Selrcted Bibliography, Abbreviation, Commentary
650 ## - SUBJECT ADDED ENTRY--TOPICAL TERM
Topical Term Biography-Sarojini Naidu
942 ## - ADDED ENTRY ELEMENTS (KOHA)
Koha item type Books
700 1# -
-- Paranjape, Makarand
Holdings
Collection code Home library Current library Date acquired Cost, normal purchase price Full call number Accession Number Koha item type
  Henry Martyn Institute Library Henry Martyn Institute Library 08/01/2007 95.00 928 PAR 018346 Books
                   Copyright © 2026 | Henry Martyn Institute | Hyderabad | TS-500052 | INDIA | Implemented by hmi.edu.in
Hit-Count:

Powered by Koha